000 00378 a2200169 4500
001 69990
020 _a8508099908
040 _cAnchieta - Itaigara
100 _aPorto, Cristina
240 1 0 _aA escolinha da serafina
_lpor
245 1 0 _aA escolinha da serafina
300 _a64
362 0 _a2005
440 1 _aÁtica
650 4 _aLiteratura infanto-juvenil
942 _cBK
999 _c69990
_d69990